Statistics for Goal Scorers for Argentina at the 2014 FIFA World Cup

Click here to take the quiz!

General Stats

  • This quiz has been taken 241 times
  • The average score is 4 of 5

Answer Stats

# goals Answer % Correct
4 goalsLionel Messi
100%
1 goalÁngel Di María
90%
1 goalGonzalo Higuaín
85%
1 goalMarcos Rojo
61%
1 own goal from opponentSead Kolašinac (Bosnia)
19%

Score Distribution

Percentile by Number Answered

Percent of People with Each Score

Your Score History

You have not taken this quiz